Tribhuvan University Central Library

English language teacher development (Record no. 113612)

MARC details
000 -LEADER
fixed length control field 00498nam a22001817a 4500
008 - FIXED-LENGTH DATA ELEMENTS--GENERAL INFORMATION
fixed length control field 240530b |||||||| |||| 00| 0 eng d
020 ## - INTERNATIONAL STANDARD BOOK NUMBER
International Standard Book Number 9789937849982
041 ## - LANGUAGE CODE
Language code of text/sound track or separate title Eng.
082 ## - DEWEY DECIMAL CLASSIFICATION NUMBER
Classification number 420.71/J781e
100 ## - MAIN ENTRY--PERSONAL NAME
Personal name Joshi, Khem Raj
245 ## - TITLE STATEMENT
Title English language teacher development
260 ## - PUBLICATION, DISTRIBUTION, ETC.
Place of publication, distribution, etc. Kathmandu:
Name of publisher, distributor, etc. Intelectuals book palace,
Date of publication, distribution, etc. 2012
300 ## - PHYSICAL DESCRIPTION
Extent 327p.
504 ## - BIBLIOGRAPHY, ETC. NOTE
Bibliography, etc. note Includes bibliography
650 ## - SUBJECT ADDED ENTRY--TOPICAL TERM
Topical term or geographic name entry element English language- Teaching
700 ## - ADDED ENTRY--PERSONAL NAME
Personal name Rawal, Hima 'ed.'
942 ## - ADDED ENTRY ELEMENTS (KOHA)
Source of classification or shelving scheme Dewey Decimal Classification
Koha item type ISBN
Holdings
Withdrawn status Lost status Source of classification or shelving scheme Damaged status Not for loan Home library Current library Date acquired Total Checkouts Full call number Barcode Date last seen Price effective from Koha item type
    Dewey Decimal Classification     Tribhuvan University Central Library Tribhuvan University Central Library 05/30/2024   420.71/J781e IS21085 05/30/2024 05/30/2024 ISBN
    Dewey Decimal Classification     Tribhuvan University Central Library Tribhuvan University Central Library 06/11/2024   420.71/J781e IS21084 06/11/2024 06/11/2024 ISBN